Statistiques concernant Ville Espagnole ou pas ?

Cliquez ici pour prendre le quiz!

Statistiques générales

  • Ce quiz a été pris 194 fois
  • Le résultat moyen est 19 sur 25

Statistiques - réponses

QuestionTuileSelect% Correct
Sélectionner les villes Espagnoles.PatrasNon
91%
Sélectionner les villes Espagnoles.HuarazNon
89%
Sélectionner les villes Espagnoles.La SpeziaNon
89%
Sélectionner les villes Espagnoles.BejaNon
88%
Sélectionner les villes Espagnoles.CadixOui
88%
Sélectionner les villes Espagnoles.AveiroNon
85%
Sélectionner les villes Espagnoles.La SerenaNon
81%
Sélectionner les villes Espagnoles.MarabáNon
81%
Sélectionner les villes Espagnoles.Saint-Jacques-de-CompostelleOui
81%
Sélectionner les villes Espagnoles.PampeluneOui
80%
Sélectionner les villes Espagnoles.AlméríaOui
78%
Sélectionner les villes Espagnoles.GéroneOui
77%
Sélectionner les villes Espagnoles.LeónOui
77%
Sélectionner les villes Espagnoles.MurcieOui
77%
Sélectionner les villes Espagnoles.Las HerasNon
76%
Sélectionner les villes Espagnoles.SalamanqueOui
76%
Sélectionner les villes Espagnoles.VigoOui
74%
Sélectionner les villes Espagnoles.GijónOui
73%
Sélectionner les villes Espagnoles.HuelvaOui
70%
Sélectionner les villes Espagnoles.Santa MaríaNon
70%
Sélectionner les villes Espagnoles.AlbaceteOui
65%
Sélectionner les villes Espagnoles.San CristóbalNon
63%
Sélectionner les villes Espagnoles.BadajozOui
47%
Sélectionner les villes Espagnoles.Vila RealNon
43%
Sélectionner les villes Espagnoles.TeruelOui
34%

Distribution des résultats

Percentile par nombre de réponses

% des personnes avec chaque résultat

Votre développement - résultats

Vous n’avez pas pris ce quiz